Random Easy Questions (that start with "what") - Statistics

General Stats
  • This quiz has been taken 102 times
  • The average score is 9 of 11
Answer Stats
Random Easy Question Answer to Random Easy Question % Correct
What color is ruby? Red
100%
What do you hit a nail with? Hammer
95%
What number of minutes are in an hour? 60
88%
What number of seconds are in a minute? 60
88%
What number of days are in a week? 7
88%
What number of hours are in a day? 24
87%
What is the only day of the week that starts with "w"? Wednesday
87%
What is the house called that the president of USA lives in? White House
87%
What place does Santa Claus live in? North Pole
78%
What character has a nose that grows every time he lies? Pinochio
60%
What happens when you put water in a freezer? It freezes.
49%
No matching quizzes found
Score Distribution
Percent of People with Each Score
Percentile by Number Answered
Your Score History
You have not taken this quiz